Biotechnology and international law / (Record no. 4391)

MARC details
000 -LEADER
fixed length control field 00856cam a22002412 4500
001 - CONTROL NUMBER
control field 0000023593
005 - DATE AND TIME OF LATEST TRANSACTION
control field 20151217145942.0
008 - FIXED-LENGTH DATA ELEMENTS--GENERAL INFORMATION
fixed length control field 130311s xx 000 0 eng d
020 ## - INTERNATIONAL STANDARD BOOK NUMBER
International Standard Book Number 1841136318 :
040 ## - CATALOGING SOURCE
Original cataloging agency KABU
Transcribing agency KABU
245 10 - TITLE STATEMENT
Title Biotechnology and international law /
Statement of responsibility, etc. edited by Francesco Francioni and Tullio Scovazzi.
250 ## - EDITION STATEMENT
Edition statement 1st ed.
260 ## - PUBLICATION, DISTRIBUTION, ETC. (IMPRINT)
Place of publication, distribution, etc. Oxford :
Name of publisher, distributor, etc. Hart,
Date of publication, distribution, etc. 2006.
300 ## - PHYSICAL DESCRIPTION
Extent xxxvii, 448 p.
650 #0 - SUBJECT ADDED ENTRY--TOPICAL TERM
Topical term or geographic name as entry element Biotechnology industries
Form subdivision Congresses
General subdivision Law and legislation.
-- 0000183088
650 #0 - SUBJECT ADDED ENTRY--TOPICAL TERM
Topical term or geographic name as entry element Human rights
Form subdivision Congresses.
-- 0000183089
650 #0 - SUBJECT ADDED ENTRY--TOPICAL TERM
Topical term or geographic name as entry element Biotechnology industries
Form subdivision Congresses
General subdivision Law and legislation.
-- 0000183088
700 1# - ADDED ENTRY--PERSONAL NAME
Personal name Francioni, Francesco.
-- 0000183090
700 1# - ADDED ENTRY--PERSONAL NAME
Personal name Scovazzi, Tullio.
-- 0000183091
852 1# - LOCATION
-- p10000 KES
908 ## - PUT COMMAND PARAMETER (RLIN)
Put command parameter 130311
950 ## - LOCAL HOLDINGS (RLIN)
-- 1
Holdings
Withdrawn status Lost status Source of classification or shelving scheme Not for loan Home library Current library Date acquired Total Checkouts Full call number Barcode Date last seen Price effective from Koha item type
    Library of Congress Classification   Kabarak, Main Campus Kabarak, Main Campus 17/12/2015   K3925 .B54B56 2006 c. 1 014425 17/12/2015 17/12/2015 General Collection
Designed with assistance from East African Informatics Ltd